1955 1454 1071 1216 1620 1228 1149 1171 1388 1215 1731 1321 1196 1185 1980 1892 1979 1919 1937 1044 1655 1717 1208 1920 1537 1596 1834 1365 1585 1675 1552 1499 1914 1581 1554 1406 1898 1012 1011 1702 1067 1816 1214 1931 1731 1363 1173 1814 1281 1937 1018 1044 1467 1020 1989 1026 1019 1957 1022 1032 1493 1036 1258 1753 1243 1374 1032 1177 1475 1978 1920 1520 1847 1172 1364 1623 1600 1523 1509 1397 1965 1014 1191 1495 1390 1130 1477 1249 1126 1192 1626 1347 1476 1084 1144 1738 1254 1105 1945 BCNSPRNW ULIB Ver.6.0+V

เปลี่ยนเป็นภาษาไทย

Change to English
 แสดงรายละเอียดบรรณานุกรม
  กลับหน้าหลัก

Brief Record : Get Marc (ISO 2709) : E-mail record : QR code < ปิดหน้าต่าง
LEADER : 00000nam 2200000uu 4500
001    13399127455
003     ULIB
008    200527s2561||||th 000 0 tha d
020    ^a9786164261242
050  4 ^aLB1028.3^bว742ว
100 2  ^aวิวัฒน์ มีสุวรรณ์
245 10 ^aวิจัยทางเทคโนโลยีการศึกษา /^cวิวัฒน์ มีสุวรรณ์
250    ^aพิมพ์ครั้งที่ 1
260    ^aพิษณุโลก :^bสำนักพิมพ์มหาวิทยาลัยนเรศวร,^c2561
300    ^a228หน้า ;^c26 ซม.
650  4 ^aเทคโนโลยีทางการศึกษา^xวิจัย
945    ^p290^l0^i28348
945    ^p290^l0^i28349
945    ^p290^l0^i28350
945    ^p290^l0^i28351
945    ^p290^l0^i28352
999    ^aกัณชพร จุลอักษร
รายการนี้ยังไม่มีแท็ก
คุณยังไม่ได้ล็อกอิน คุณสามารถมีกิจกรรมร่วมกับเว็บไซต์ได้ แต่ต้องล็อกอินก่อน ::
  ล็อกอิน

รายการสื่อสารสนเทศ

ลำดับที่ ประเภท เลขเรียก/บาร์โค้ด สถานที่ สถานะ
1. หนังสือสำรอง
หนังสือสำรอง
LB1028.3 ว742ว ฉ.1 
  Barcode: 28348
ห้องสมุดวิทยาเขตนครสวรรค์
►หนังสือทั่วไป:l:General Books
บนชั้น
2. วิทยาศาสตร์การแพทย์ และสุขภาพ
วิทยาศาสตร์การแพทย์ และสุขภาพ
LB1028.3 ว742ว ฉ.2 
  Barcode: 28349
ห้องสมุดวิทยาเขตนครสวรรค์
►หนังสือทั่วไป:l:General Books
บนชั้น
3. วิทยาศาสตร์การแพทย์ และสุขภาพ
วิทยาศาสตร์การแพทย์ และสุขภาพ
LB1028.3 ว742ว ฉ.3 
  Barcode: 28350
ห้องสมุดวิทยาเขตนครสวรรค์
►หนังสือทั่วไป:l:General Books
บนชั้น
4. วิทยาศาสตร์การแพทย์ และสุขภาพ
วิทยาศาสตร์การแพทย์ และสุขภาพ
LB1028.3 ว742ว ฉ.4 
  Barcode: 28351
ห้องสมุดวิทยาเขตนครสวรรค์
►หนังสือทั่วไป:l:General Books
บนชั้น
5. วิทยาศาสตร์การแพทย์ และสุขภาพ
วิทยาศาสตร์การแพทย์ และสุขภาพ
LB1028.3 ว742ว ฉ.5 
  Barcode: 28352
ห้องสมุดวิทยาเขตนครสวรรค์
►หนังสือทั่วไป:l:General Books
บนชั้น

BibComment


ยังไม่เคยถูกคอมเมนท์

คอมเมนท์ทรัพยากรรายการนี้
  คอมเมนท์: วิจัยทางเทคโนโลย..


 Copyright 2026. Bcnsprnw @Library